000 00660cam a2200229 4500
001 B2572
008 090401t1989 xxu||||| |||| 00| 0 eng d
035 _a(Sirsi) u50927
041 _aeng
050 _a333.335
090 _aRICS 1989/58A
110 _aRoyal Institution of Chartered Surveyors
_94900
245 _aProperty in the countryside: the chartered surveyor`s function
260 _aLondon
_bRoyal Institution of Chartered Surveyors
_c1989
300 _a1 folded sheet (6p.) ; 21x10cm.
350 _a0
650 _aABOUT RICS-RICS MEMBERS
650 _aESTATE MANAGEMENT
650 _aRURAL PRACTICE
942 _n0
948 _c04/03/1997
999 _c92774
_d92774